Statistiques concernant Mathématiques par lettre - V

Cliquez ici pour prendre le quiz!

Statistiques générales

  • Ce quiz a été pris 226 fois
  • Le résultat moyen est 7 sur 15

Statistiques - réponses

HintRéponse% Correct
Perpendiculaire à l'horizontalVertical
89%
Segment de droite orienté qui représente une grandeur, comme une force, une vitesse, ...Vecteur
87%
Ensemble ne contenant aucun élémentVide
87%
Qui peut prendre n'importe quelle valeur, ou du moins, une valeur inconnueVariable
77%
Sépare les chiffres de la partie entière d'un nombre et ceux de la partie décimaleVirgule
75%
Différence entre la moyenne des carrés et le carré de la moyenneVariance
65%
Valeur d'un nombre sans son signeValeur absolue
61%
Affirmation réputée conforme à la réalitéVraie
60%
Caractère croissant ou décroissant des restrictions d'une fonction aux intervalles sur lesquels elle est monotoneVariation
51%
Espace interne à une surface ferméeVolume
39%
En algèbre linéaire, matrice avec une progression géométrique dans chaque ligneVandermonde
18%
En topologie, généralisation de la notion de surface quelle que soit la dimension de l'espace considéréVariété
14%
Caractère vrai ou faux d'une propositionValeur de vérité
6%
Diagramme pavant le plan avec la contrainte suivante: étant donné des points, un réseau de cellules est formé telle que tout point de la cellule est plus proche de son point que de n'importe quel autreVoronoï
3%
Manière de compter par 20Vigésimal
1%

Distribution des résultats

Percentile par nombre de réponses

% des personnes avec chaque résultat

Votre développement - résultats

Vous n’avez pas pris ce quiz